[Event "Blitz Open"]
[Site "?"]
[Date "2018.08.03"]
[Round "3.6"]
[White "Wen, Yang"]
[Black "Yakubboev, Nodirbek"]
[Result "1/2-1/2"]
[BlackElo "2353"]
[WhiteElo "2567"]
[LiveChessVersion "1.4.8"]

1. e4 {[%clk 0:03:03]} e5 {[%clk 0:03:02]} 2. Nf3 {[%clk 0:03:04]} Nc6
{[%clk 0:03:04]} 3. Bc4 {[%clk 0:03:06]} Bc5 {[%clk 0:03:03]} 4. O-O
{[%clk 0:03:07]} Nf6 {[%clk 0:03:03]} 5. d3 {[%clk 0:03:08]} d6 {[%clk 0:02:59]}
6. c3 {[%clk 0:03:09]} a6 {[%clk 0:03:00]} 7. Nbd2 {[%clk 0:03:08]} Ba7
{[%clk 0:02:55]} 8. Bb3 {[%clk 0:03:06]} O-O {[%clk 0:02:54]} 9. h3
{[%clk 0:03:04]} Be6 {[%clk 0:02:48]} 10. Re1 {[%clk 0:03:05]} Re8
{[%clk 0:02:45]} 11. Bc2 {[%clk 0:03:04]} h6 {[%clk 0:02:35]} 12. Nf1
{[%clk 0:03:04]} d5 {[%clk 0:02:36]} 13. exd5 {[%clk 0:03:05]} Nxd5
{[%clk 0:02:37]} 14. Ng3 {[%clk 0:03:02]} Qd6 {[%clk 0:01:57]} 15. Nh4
{[%clk 0:03:04]} Nf4 {[%clk 0:01:42]} 16. Qf3 {[%clk 0:02:34]} Qd8
{[%clk 0:01:15]} 17. Nhf5 {[%clk 0:02:09]} Ng6 {[%clk 0:00:59]} 18. Bb3
{[%clk 0:01:49]} Nh4 {[%clk 0:00:39]} 19. Qg4 {[%clk 0:01:40]} Nxf5
{[%clk 0:00:40]} 20. Nxf5 {[%clk 0:01:38]} Bxf5 {[%clk 0:00:32]} 21. Qxf5
{[%clk 0:01:39]} Re7 {[%clk 0:00:17]} 22. Bd2 {[%clk 0:00:36]} Qd7
{[%clk 0:00:16]} 23. Qf3 {[%clk 0:00:32]} Rd8 {[%clk 0:00:15]} 24. Bc2
{[%clk 0:00:32]} Re6 {[%clk 0:00:13]} 25. Re2 {[%clk 0:00:19]} Rf6
{[%clk 0:00:10]} 26. Qe4 {[%clk 0:00:19]} Kf8 {[%clk 0:00:09]} 27. Rf1
{[%clk 0:00:19]} Qd5 {[%clk 0:00:09]} 28. Qxd5 {[%clk 0:00:15]} Rxd5
{[%clk 0:00:10]} 29. g3 Rf3 {[%clk 0:00:08]} 30. Kg2 {[%clk 0:00:16]} Rfxd3 31.
Bxd3 {[%clk 0:00:17]} Rxd3 {[%clk 0:00:10]} 32. f4 {[%clk 0:00:16]} e4
{[%clk 0:00:11]} 33. f5 {[%clk 0:00:15]} e3 {[%clk 0:00:11]} 34. Bc1
{[%clk 0:00:16]} Ne7 {[%clk 0:00:11]} 35. c4 {[%clk 0:00:11]} Nc6
{[%clk 0:00:11]} 36. Rfe1 {[%clk 0:00:10]} Ne5 {[%clk 0:00:06]} 37. b3
{[%clk 0:00:10]} f6 {[%clk 0:00:04]} 38. Bxe3 {[%clk 0:00:11]} Bxe3
{[%clk 0:00:05]} 39. Rxe3 {[%clk 0:00:12]} Rd2+ {[%clk 0:00:07]} 40. R3e2
{[%clk 0:00:13]} Rd3 {[%clk 0:00:08]} 41. Re3 {[%clk 0:00:14]} Rd2+ 42. R1e2 Rd1
{[%clk 0:00:10]} 43. g4 {[%clk 0:00:14]} Kf7 {[%clk 0:00:10]} 44. Re1
{[%clk 0:00:15]} Rd2+ {[%clk 0:00:11]} 45. R3e2 {[%clk 0:00:16]} Rd3
{[%clk 0:00:11]} 46. Re3 {[%clk 0:00:17]} Rd4 {[%clk 0:00:12]} 47. Kg3
{[%clk 0:00:16]} c5 {[%clk 0:00:11]} 48. Re4 {[%clk 0:00:17]} Rd3+
{[%clk 0:00:12]} 49. R4e3 {[%clk 0:00:18]} Rd2 {[%clk 0:00:13]} 50. R3e2
{[%clk 0:00:19]} Rd3+ {[%clk 0:00:14]} 51. Re3 {[%clk 0:00:20]} Rd4
{[%clk 0:00:16]} 52. Rxe5 {[%clk 0:00:16]} fxe5 {[%clk 0:00:16]} 53. Rxe5
{[%clk 0:00:17]} b6 {[%clk 0:00:16]} 54. Re6 {[%clk 0:00:17]} Rd2
{[%clk 0:00:17]} 55. a4 {[%clk 0:00:17]} Rd3+ {[%clk 0:00:18]} 56. Kf4
{[%clk 0:00:18]} Rxb3 {[%clk 0:00:20]} 57. h4 {[%clk 0:00:18]} Rb4
{[%clk 0:00:20]} 58. Ke5 {[%clk 0:00:19]} Rxc4 {[%clk 0:00:19]} 59. g5
{[%clk 0:00:18]} hxg5 {[%clk 0:00:20]} 60. hxg5 {[%clk 0:00:20]} Rxa4
{[%clk 0:00:21]} 61. Rxb6 {[%clk 0:00:19]} Rb4 {[%clk 0:00:21]} 62. Rxa6
{[%clk 0:00:20]} Rb7 {[%clk 0:00:22]} 63. g6+ {[%clk 0:00:20]} Ke7
{[%clk 0:00:22]} 64. Rc6 {[%clk 0:00:20]} c4 {[%clk 0:00:23]} 65. Rxc4
{[%clk 0:00:14]} Rb8 {[%clk 0:00:21]} 66. Rc7+ {[%clk 0:00:15]} Kf8
{[%clk 0:00:22]} 67. Kf4 {[%clk 0:00:14]} Rb4+ {[%clk 0:00:22]} 68. Kg5
{[%clk 0:00:15]} Rb8 {[%clk 0:00:22]} 69. Rf7+ {[%clk 0:00:15]} Kg8
{[%clk 0:00:23]} 70. Rd7 {[%clk 0:00:16]} Re8 {[%clk 0:00:24]} 71. f6
{[%clk 0:00:09]} gxf6+ {[%clk 0:00:23]} 72. Kh6 {[%clk 0:00:10]} f5
{[%clk 0:00:23]} 73. Rg7+ {[%clk 0:00:10]} Kh8 {[%clk 0:00:24]} 1/2-1/2

[Event "Blitz Open"]
[Site "?"]
[Date "2018.08.03"]
[Round "3.7"]
[White "Sindarov, Javokhir"]
[Black "Bai, Jinshi"]
[Result "0-1"]
[BlackElo "2502"]
[WhiteElo "2392"]
[LiveChessVersion "1.4.8"]

1. e4 {[%clk 0:03:03]} e5 {[%clk 0:03:03]} 2. Nf3 {[%clk 0:03:03]} Nf6
{[%clk 0:03:04]} 3. d3 {[%clk 0:02:50]} Nc6 {[%clk 0:03:03]} 4. Be2
{[%clk 0:02:51]} d5 {[%clk 0:03:01]} 5. Nbd2 {[%clk 0:02:52]} dxe4
{[%clk 0:02:55]} 6. dxe4 {[%clk 0:02:47]} Bc5 {[%clk 0:02:51]} 7. O-O
{[%clk 0:02:47]} O-O {[%clk 0:02:52]} 8. c3 {[%clk 0:02:48]} a5 {[%clk 0:02:53]}
9. Qc2 {[%clk 0:02:47]} Be6 {[%clk 0:02:50]} 10. Nc4 {[%clk 0:02:45]} Nd7
{[%clk 0:02:42]} 11. Rd1 {[%clk 0:02:25]} Qe7 {[%clk 0:02:29]} 12. Ne3
{[%clk 0:02:22]} Bxe3 {[%clk 0:02:24]} 13. Bxe3 {[%clk 0:02:22]} f6
{[%clk 0:02:25]} 14. a4 Nc5 {[%clk 0:02:05]} 15. Nd2 {[%clk 0:02:07]} Rfd8
{[%clk 0:01:50]} 16. f3 {[%clk 0:01:41]} b6 {[%clk 0:01:44]} 17. Bc4
{[%clk 0:01:26]} Bxc4 {[%clk 0:01:37]} 18. Nxc4 {[%clk 0:01:26]} Qe6
{[%clk 0:01:38]} 19. Na3 {[%clk 0:01:24]} Na6 {[%clk 0:00:54]} 20. Qe2
{[%clk 0:01:15]} Qb3 {[%clk 0:00:51]} 21. Rxd8+ {[%clk 0:00:41]} Nxd8
{[%clk 0:00:52]} 22. Qb5 {[%clk 0:00:41]} Qxb5 {[%clk 0:00:49]} 23. axb5
{[%clk 0:00:40]} Nb8 {[%clk 0:00:50]} 24. Rd1 {[%clk 0:00:39]} Ne6
{[%clk 0:00:37]} 25. Nc4 {[%clk 0:00:35]} Kf7 {[%clk 0:00:36]} 26. g3
{[%clk 0:00:27]} g5 {[%clk 0:00:37]} 27. Kf2 {[%clk 0:00:26]} Ke8
{[%clk 0:00:35]} 28. h4 {[%clk 0:00:22]} gxh4 {[%clk 0:00:34]} 29. gxh4
{[%clk 0:00:24]} Nd7 {[%clk 0:00:34]} 30. Rg1 {[%clk 0:00:21]} Kf7
{[%clk 0:00:35]} 31. Rd1 {[%clk 0:00:23]} Ndc5 {[%clk 0:00:33]} 32. b4
{[%clk 0:00:18]} axb4 {[%clk 0:00:23]} 33. cxb4 {[%clk 0:00:20]} Nb3
{[%clk 0:00:21]} 34. Rd7+ {[%clk 0:00:21]} Kg6 {[%clk 0:00:22]} 35. Re7
{[%clk 0:00:20]} Ra2+ {[%clk 0:00:21]} 36. Kg3 {[%clk 0:00:18]} Nbd4
{[%clk 0:00:20]} 37. Bxd4 {[%clk 0:00:11]} Nxd4 {[%clk 0:00:20]} 38. Rxc7
{[%clk 0:00:13]} Rc2 {[%clk 0:00:21]} 39. Rc8 {[%clk 0:00:10]} Ne2+
{[%clk 0:00:18]} 40. Kf2 {[%clk 0:00:11]} Nd4+ {[%clk 0:00:20]} 41. Kf1
{[%clk 0:00:11]} Rc1+ {[%clk 0:00:20]} 42. Kf2 {[%clk 0:00:12]} Rc2+
{[%clk 0:00:21]} 43. Kg3 {[%clk 0:00:10]} Ne2+ {[%clk 0:00:22]} 44. Kf2
{[%clk 0:00:11]} Nd4+ {[%clk 0:00:23]} 45. Kg3 {[%clk 0:00:12]} Ne2+
{[%clk 0:00:19]} 46. Kf2 {[%clk 0:00:12]} Nd4+ {[%clk 0:00:18]} 47. Ke3
{[%clk 0:00:13]} Rc3+ {[%clk 0:00:13]} 48. Kd2 {[%clk 0:00:14]} Rb3
{[%clk 0:00:15]} 49. Nxb6 {[%clk 0:00:13]} Nxf3+ {[%clk 0:00:14]} 50. Kc1
{[%clk 0:00:14]} Rxb4 {[%clk 0:00:15]} 51. Nd5 {[%clk 0:00:10]} Rxb5
{[%clk 0:00:15]} 52. Rc6 {[%clk 0:00:11]} Nxh4 {[%clk 0:00:13]} 53. Rxf6+
{[%clk 0:00:11]} Kg5 {[%clk 0:00:15]} 54. Re6 {[%clk 0:00:12]} Ng6
{[%clk 0:00:16]} 55. Re8 {[%clk 0:00:07]} h5 {[%clk 0:00:15]} 56. Rg8
{[%clk 0:00:09]} Rb7 {[%clk 0:00:15]} 57. Ne3 {[%clk 0:00:06]} h4
{[%clk 0:00:15]} 58. Nf1 {[%clk 0:00:07]} h3 {[%clk 0:00:14]} 59. Nh2
{[%clk 0:00:08]} Rf7 {[%clk 0:00:14]} 60. Rc8 {[%clk 0:00:05]} Rf2
{[%clk 0:00:13]} 61. Rc2 {[%clk 0:00:06]} Rxc2+ {[%clk 0:00:13]} 62. Kxc2
{[%clk 0:00:07]} Kf4 63. Kd3 Kg3 {[%clk 0:00:15]} 64. Nf1+ {[%clk 0:00:10]} Kf2
{[%clk 0:00:13]} 65. Ne3 {[%clk 0:00:11]} h2 {[%clk 0:00:12]} 66. Ng4+
{[%clk 0:00:13]} Kg3 {[%clk 0:00:14]} 67. Nxh2 {[%clk 0:00:14]} Kxh2
{[%clk 0:00:15]} 0-1

[Event "Blitz Open"]
[Site "?"]
[Date "2018.08.03"]
[Round "3.8"]
[White "Xu, Xiangyu"]
[Black "Iuldachev, Saidali"]
[Result "1-0"]
[BlackElo "2509"]
[WhiteElo "2448"]
[LiveChessVersion "1.4.8"]

1. d4 {[%clk 0:03:02]} Nf6 {[%clk 0:03:03]} 2. c4 {[%clk 0:03:03]} d6
{[%clk 0:03:04]} 3. Nc3 {[%clk 0:03:03]} Nbd7 {[%clk 0:03:04]} 4. Nf3
{[%clk 0:03:03]} c6 {[%clk 0:03:05]} 5. g3 {[%clk 0:03:04]} g6 {[%clk 0:03:04]}
6. Bg2 {[%clk 0:03:05]} Bg7 {[%clk 0:03:05]} 7. O-O {[%clk 0:03:05]} O-O
{[%clk 0:03:06]} 8. b3 {[%clk 0:03:06]} e5 {[%clk 0:03:06]} 9. dxe5
{[%clk 0:03:06]} dxe5 {[%clk 0:03:07]} 10. Bb2 {[%clk 0:03:05]} Re8
{[%clk 0:03:07]} 11. Qc2 {[%clk 0:03:06]} Qc7 {[%clk 0:03:00]} 12. Rad1
{[%clk 0:03:06]} Nc5 {[%clk 0:02:54]} 13. Qc1 {[%clk 0:03:07]} a5
{[%clk 0:02:48]} 14. Rfe1 {[%clk 0:02:58]} e4 {[%clk 0:02:49]} 15. Nd4
{[%clk 0:02:53]} e3 {[%clk 0:02:34]} 16. f3 {[%clk 0:02:33]} h5 {[%clk 0:02:35]}
17. Rf1 {[%clk 0:02:28]} h4 {[%clk 0:02:35]} 18. f4 {[%clk 0:02:29]} hxg3
{[%clk 0:02:34]} 19. hxg3 {[%clk 0:02:29]} Ng4 {[%clk 0:02:34]} 20. Nc2
{[%clk 0:02:17]} Bf5 {[%clk 0:02:12]} 21. Nd4 {[%clk 0:02:17]} Bd7
{[%clk 0:01:48]} 22. Nc2 {[%clk 0:02:08]} Rad8 {[%clk 0:01:39]} 23. Na4
{[%clk 0:02:08]} Nxa4 {[%clk 0:01:35]} 24. Bxg7 Kxg7 {[%clk 0:01:36]} 25. bxa4
{[%clk 0:02:10]} Bf5 {[%clk 0:01:33]} 26. Rxd8 {[%clk 0:02:08]} Rxd8
{[%clk 0:01:33]} 27. Nxe3 {[%clk 0:02:06]} Qe7 {[%clk 0:00:51]} 28. Nxg4
{[%clk 0:01:45]} Bxg4 {[%clk 0:00:53]} 29. Rf2 {[%clk 0:01:45]} Qb4
{[%clk 0:00:37]} 30. Be4 {[%clk 0:01:32]} Qxa4 {[%clk 0:00:33]} 31. Qb2+
{[%clk 0:01:32]} f6 {[%clk 0:00:34]} 32. Qxb7+ {[%clk 0:01:26]} Rd7
{[%clk 0:00:34]} 33. Qxc6 {[%clk 0:01:26]} Qd1+ {[%clk 0:00:24]} 34. Kg2
{[%clk 0:01:26]} Bxe2 {[%clk 0:00:24]} 35. Bc2 {[%clk 0:01:12]} Bf1+
{[%clk 0:00:15]} 36. Kg1 {[%clk 0:01:13]} Qd4 {[%clk 0:00:04]} 37. Kxf1
{[%clk 0:01:14]} Rd6 {[%clk 0:00:03]} 38. Qe4 {[%clk 0:01:14]} Qa1+
{[%clk 0:00:04]} 39. Kg2 {[%clk 0:01:15]} 1-0

[Event "Blitz Open"]
[Site "?"]
[Date "2018.08.03"]
[Round "3.9"]
[White "Jumabayev, Rinat"]
[Black "Noah, A .H. Al-Ali"]
[Result "1-0"]
[BlackElo "2313"]
[WhiteElo "2528"]
[LiveChessVersion "1.4.8"]

1. d4 {[%clk 0:03:02]} d5 {[%clk 0:03:00]} 2. Bf4 {[%clk 0:03:04]} Nf6
{[%clk 0:02:56]} 3. e3 {[%clk 0:03:05]} c5 {[%clk 0:02:57]} 4. c3
{[%clk 0:03:05]} Nc6 {[%clk 0:02:53]} 5. Nd2 {[%clk 0:03:06]} g6 {[%clk 0:02:41]}
6. dxc5 {[%clk 0:02:43]} a5 {[%clk 0:02:42]} 7. Bb5 {[%clk 0:02:39]} Bg7
{[%clk 0:02:43]} 8. Ngf3 {[%clk 0:02:38]} Nd7 {[%clk 0:02:23]} 9. e4
{[%clk 0:02:10]} Nxc5 {[%clk 0:02:14]} 10. exd5 {[%clk 0:02:11]} Qxd5
{[%clk 0:02:14]} 11. O-O {[%clk 0:02:08]} O-O {[%clk 0:02:12]} 12. Nb3
{[%clk 0:01:48]} Qxd1 {[%clk 0:02:04]} 13. Rfxd1 {[%clk 0:01:48]} Nxb3
{[%clk 0:02:05]} 14. axb3 Be6 15. Nd2 {[%clk 0:01:40]} Ne5 {[%clk 0:01:44]} 16.
Be3 {[%clk 0:01:25]} Bf5 {[%clk 0:01:25]} 17. h3 {[%clk 0:01:13]} Bc2
{[%clk 0:01:08]} 18. Re1 {[%clk 0:00:52]} Bd3 {[%clk 0:01:09]} 19. Bd4
{[%clk 0:00:43]} Bxb5 {[%clk 0:00:47]} 20. Bxe5 {[%clk 0:00:44]} Bf6
{[%clk 0:00:16]} 21. Bxf6 {[%clk 0:00:44]} exf6 {[%clk 0:00:17]} 22. Nf3
{[%clk 0:00:45]} b6 {[%clk 0:00:10]} 23. Nd4 {[%clk 0:00:45]} Bd7
{[%clk 0:00:07]} 24. f3 {[%clk 0:00:35]} Rfd8 {[%clk 0:00:08]} 25. Kf2
{[%clk 0:00:36]} Kf8 {[%clk 0:00:10]} 26. g4 {[%clk 0:00:33]} Be8
{[%clk 0:00:08]} 27. h4 {[%clk 0:00:27]} b5 {[%clk 0:00:09]} 28. Red1
{[%clk 0:00:17]} b4 {[%clk 0:00:05]} 29. c4 {[%clk 0:00:13]} Rd6 {[%clk 0:00:04]}
30. Ne2 {[%clk 0:00:10]} Rda6 {[%clk 0:00:03]} 31. Nf4 {[%clk 0:00:11]} a4
{[%clk 0:00:03]} 32. bxa4 {[%clk 0:00:11]} Rxa4 {[%clk 0:00:04]} 33. Rxa4
{[%clk 0:00:12]} Rxa4 {[%clk 0:00:05]} 34. b3 {[%clk 0:00:11]} Ra2+
{[%clk 0:00:06]} 35. Ke3 {[%clk 0:00:12]} Rb2 {[%clk 0:00:06]} 36. Rd3
{[%clk 0:00:14]} Bc6 {[%clk 0:00:06]} 37. Nd5 {[%clk 0:00:11]} Bxd5
{[%clk 0:00:07]} 38. cxd5 {[%clk 0:00:13]} Ke7 {[%clk 0:00:09]} 39. d6+
{[%clk 0:00:09]} Kd7 {[%clk 0:00:10]} 40. Ke4 {[%clk 0:00:09]} Rc2
{[%clk 0:00:05]} 41. f4 {[%clk 0:00:05]} Rc6 {[%clk 0:00:03]} 42. Rd4
{[%clk 0:00:04]} Rb6 {[%clk 0:00:04]} 43. Kd3 {[%clk 0:00:05]} Rxd6
{[%clk 0:00:04]} 44. Rxd6+ {[%clk 0:00:06]} Kxd6 45. Kc4 g5 {[%clk 0:00:05]} 46.
fxg5 {[%clk 0:00:08]} fxg5 {[%clk 0:00:06]} 47. hxg5 {[%clk 0:00:10]} Ke5
{[%clk 0:00:08]} 48. Kxb4 Kf4 {[%clk 0:00:09]} 49. Kc4 {[%clk 0:00:12]} Kxg5
{[%clk 0:00:10]} 50. b4 {[%clk 0:00:13]} Kf6 {[%clk 0:00:07]} 51. Kd5
{[%clk 0:00:13]} Ke7 {[%clk 0:00:08]} 52. Ke5 {[%clk 0:00:14]} Kd7
{[%clk 0:00:06]} 53. Kf6 {[%clk 0:00:15]} Ke8 {[%clk 0:03:02]} 1-0

[Event "Blitz Open"]
[Site "?"]
[Date "2018.08.03"]
[Round "3.10"]
[White "Abdulwahhab, Ahmed Abdulsattar A"]
[Black "Kazhgaleyev, Murtas"]
[Result "0-1"]
[BlackElo "2583"]
[WhiteElo "2225"]
[LiveChessVersion "1.4.8"]

1. e4 {[%clk 0:03:02]} e5 {[%clk 0:03:02]} 2. Nf3 {[%clk 0:03:03]} d6
{[%clk 0:03:04]} 3. d4 {[%clk 0:03:04]} exd4 {[%clk 0:03:05]} 4. Nxd4
{[%clk 0:03:04]} Nf6 {[%clk 0:03:06]} 5. Nc3 {[%clk 0:03:05]} Be7
{[%clk 0:03:07]} 6. Bf4 {[%clk 0:03:06]} O-O {[%clk 0:03:07]} 7. Be2
{[%clk 0:03:07]} Re8 {[%clk 0:03:08]} 8. Qd2 {[%clk 0:03:02]} Bf8
{[%clk 0:03:09]} 9. f3 {[%clk 0:02:56]} c6 {[%clk 0:03:08]} 10. O-O-O
{[%clk 0:02:54]} b5 {[%clk 0:03:07]} 11. g4 {[%clk 0:02:29]} b4 {[%clk 0:03:05]}
12. Nb1 {[%clk 0:02:30]} a5 {[%clk 0:02:56]} 13. h4 {[%clk 0:02:30]} Qb6
{[%clk 0:02:51]} 14. h5 {[%clk 0:02:28]} c5 {[%clk 0:02:43]} 15. Nf5
{[%clk 0:02:28]} Bxf5 {[%clk 0:02:42]} 16. gxf5 {[%clk 0:02:28]} Nc6
{[%clk 0:02:35]} 17. h6 {[%clk 0:01:53]} g6 {[%clk 0:02:37]} 18. fxg6
{[%clk 0:01:54]} fxg6 {[%clk 0:02:37]} 19. Bc4+ {[%clk 0:01:55]} Kh8
{[%clk 0:02:39]} 20. Bxd6 {[%clk 0:01:50]} Rad8 {[%clk 0:02:19]} 21. Qh2
{[%clk 0:01:50]} Nd4 {[%clk 0:02:09]} 22. Bxf8 {[%clk 0:01:41]} Rxf8
{[%clk 0:02:10]} 23. e5 {[%clk 0:01:42]} Nh5 {[%clk 0:02:04]} 24. e6
{[%clk 0:01:37]} Rf4 {[%clk 0:01:40]} 25. e7 {[%clk 0:01:23]} Re8
{[%clk 0:01:40]} 26. Rhe1 {[%clk 0:01:24]} Qf6 {[%clk 0:01:29]} 27. Nd2
{[%clk 0:01:02]} Rxe7 {[%clk 0:01:26]} 28. Rxe7 {[%clk 0:01:01]} Qxe7
{[%clk 0:01:27]} 29. c3 {[%clk 0:00:57]} bxc3 {[%clk 0:01:22]} 30. bxc3
{[%clk 0:00:58]} Nxf3 {[%clk 0:01:23]} 31. Nxf3 {[%clk 0:00:54]} Rxf3
{[%clk 0:01:24]} 32. Qb8+ {[%clk 0:00:47]} Rf8 {[%clk 0:01:24]} 33. Qd6
{[%clk 0:00:41]} Qg5+ {[%clk 0:01:22]} 34. Qd2 {[%clk 0:00:42]} Qxd2+ 35. Rxd2
{[%clk 0:00:43]} Nf6 {[%clk 0:01:17]} 36. Rf2 {[%clk 0:00:38]} Nd7
{[%clk 0:01:18]} 37. Rxf8+ Nxf8 {[%clk 0:01:19]} 38. Kb2 {[%clk 0:00:39]} g5
{[%clk 0:01:20]} 39. Kb3 {[%clk 0:00:40]} g4 {[%clk 0:01:21]} 40. Bd5
{[%clk 0:00:41]} Nd7 {[%clk 0:01:21]} 41. Ka4 {[%clk 0:00:41]} Nb6+
{[%clk 0:01:22]} 42. Kxa5 {[%clk 0:00:42]} Nxd5 {[%clk 0:01:23]} 0-1

[Event "Blitz Open"]
[Site "?"]
[Date "2018.08.03"]
[Round "3.11"]
[White "Makhnev, Denis"]
[Black "Al-Ali, Hussein Ali Hussein"]
[Result "1-0"]
[BlackElo "2228"]
[WhiteElo "2492"]
[LiveChessVersion "1.4.8"]

1. d4 {[%clk 0:03:02]} Nf6 {[%clk 0:03:03]} 2. Nf3 {[%clk 0:03:03]} g6
{[%clk 0:03:04]} 3. Bf4 {[%clk 0:03:04]} Bg7 {[%clk 0:03:05]} 4. e3
{[%clk 0:03:05]} O-O {[%clk 0:03:05]} 5. Be2 {[%clk 0:03:05]} d6 {[%clk 0:03:07]}
6. h3 {[%clk 0:03:06]} Nbd7 {[%clk 0:03:07]} 7. O-O {[%clk 0:03:07]} c5
{[%clk 0:03:08]} 8. c3 {[%clk 0:03:02]} b6 {[%clk 0:03:09]} 9. a4
{[%clk 0:03:03]} a5 {[%clk 0:03:07]} 10. Bh2 {[%clk 0:03:00]} Bb7
{[%clk 0:03:09]} 11. Nbd2 {[%clk 0:03:00]} cxd4 {[%clk 0:03:06]} 12. exd4
{[%clk 0:02:59]} Nd5 {[%clk 0:03:02]} 13. Bb5 {[%clk 0:02:59]} N7f6
{[%clk 0:03:03]} 14. Re1 {[%clk 0:02:57]} Nh5 {[%clk 0:02:59]} 15. Qb3
{[%clk 0:02:53]} Qc7 {[%clk 0:02:48]} 16. Bd3 {[%clk 0:02:40]} Nhf4
{[%clk 0:02:45]} 17. Be4 {[%clk 0:02:38]} Bh6 {[%clk 0:02:42]} 18. Bxf4
{[%clk 0:02:23]} Nxf4 {[%clk 0:02:38]} 19. Bxb7 Qxb7 {[%clk 0:02:39]} 20. Re4
{[%clk 0:02:19]} e6 {[%clk 0:02:36]} 21. Qb5 {[%clk 0:02:03]} Rab8
{[%clk 0:02:32]} 22. Kh2 {[%clk 0:01:57]} Nd5 {[%clk 0:02:23]} 23. h4
{[%clk 0:01:55]} Qe7 {[%clk 0:02:19]} 24. Qxd5 {[%clk 0:01:52]} Bxd2
{[%clk 0:02:15]} 25. Nxd2 {[%clk 0:01:49]} Qf6 {[%clk 0:02:12]} 26. Qg5
{[%clk 0:01:50]} Qxf2 {[%clk 0:02:12]} 27. Rf1 {[%clk 0:01:51]} f6
{[%clk 0:02:07]} 28. Qh6 {[%clk 0:01:52]} 1-0

[Event "Blitz Open"]
[Site "?"]
[Date "2018.08.03"]
[Round "3.12"]
[White "Mohammed, Zozek Salah Mohammed"]
[Black "Kostenko, Petr"]
[Result "0-1"]
[BlackElo "2422"]
[WhiteElo "2227"]
[LiveChessVersion "1.4.8"]

1. d4 {[%clk 0:03:02]} Nf6 {[%clk 0:03:03]} 2. c4 {[%clk 0:03:03]} e6
{[%clk 0:03:05]} 3. Nc3 {[%clk 0:03:03]} Bb4 {[%clk 0:03:03]} 4. e3
{[%clk 0:03:04]} O-O {[%clk 0:03:03]} 5. Nge2 {[%clk 0:03:05]} c6
{[%clk 0:03:05]} 6. a3 {[%clk 0:03:05]} Ba5 {[%clk 0:03:06]} 7. b4
{[%clk 0:03:06]} Bc7 {[%clk 0:03:07]} 8. e4 {[%clk 0:03:07]} d5 {[%clk 0:03:08]}
9. e5 {[%clk 0:03:09]} Nfd7 {[%clk 0:02:47]} 10. Ng3 {[%clk 0:03:09]} a5
{[%clk 0:02:47]} 11. Rb1 {[%clk 0:03:10]} axb4 {[%clk 0:02:48]} 12. axb4
{[%clk 0:03:12]} f6 {[%clk 0:02:41]} 13. f4 {[%clk 0:03:04]} fxe5
{[%clk 0:02:39]} 14. fxe5 {[%clk 0:03:05]} Qh4 {[%clk 0:02:39]} 15. Be3
{[%clk 0:02:51]} dxc4 {[%clk 0:02:10]} 16. Bxc4 {[%clk 0:02:52]} Nb6
{[%clk 0:02:11]} 17. Bd3 {[%clk 0:02:48]} Nd5 {[%clk 0:02:13]} 18. Nxd5
{[%clk 0:02:47]} exd5 {[%clk 0:02:08]} 19. Qh5 {[%clk 0:00:59]} Qxh5
{[%clk 0:02:09]} 20. Nxh5 {[%clk 0:01:00]} Ra2 {[%clk 0:01:52]} 21. Nf4
{[%clk 0:00:55]} g5 {[%clk 0:01:42]} 22. Ne2 {[%clk 0:00:47]} Nd7
{[%clk 0:01:17]} 23. Bxg5 {[%clk 0:00:35]} Nb6 {[%clk 0:01:18]} 24. Rf1
{[%clk 0:00:26]} Rxf1+ {[%clk 0:01:16]} 25. Kxf1 {[%clk 0:00:27]} Nc4
{[%clk 0:01:09]} 26. b5 {[%clk 0:00:19]} Ra3 {[%clk 0:01:05]} 27. bxc6
{[%clk 0:00:13]} bxc6 {[%clk 0:01:01]} 28. Bxc4 {[%clk 0:00:08]} dxc4
{[%clk 0:01:02]} 29. Rc1 {[%clk 0:00:10]} Ba6 {[%clk 0:01:02]} 30. Rc3
{[%clk 0:00:09]} Ra2 {[%clk 0:01:00]} 31. Nf4 {[%clk 0:00:06]} Ba5
{[%clk 0:00:58]} 32. Rg3 {[%clk 0:00:06]} c3+ {[%clk 0:00:59]} 33. e6
{[%clk 0:00:06]} 0-1

[Event "Blitz Open"]
[Site "?"]
[Date "2018.08.03"]
[Round "3.13"]
[White "Hariri, Nizar"]
[Black "Ghaem Maghami, Ehsan"]
[Result "0-1"]
[BlackElo "2593"]
[WhiteElo "2070"]
[LiveChessVersion "1.4.8"]

1. d4 {[%clk 0:03:02]} Nf6 {[%clk 0:03:01]} 2. c4 {[%clk 0:03:02]} e6
{[%clk 0:03:02]} 3. Nf3 {[%clk 0:03:02]} d5 {[%clk 0:03:01]} 4. g3
{[%clk 0:03:02]} dxc4 {[%clk 0:03:00]} 5. Bg2 {[%clk 0:03:03]} Nc6
{[%clk 0:03:01]} 6. O-O {[%clk 0:02:54]} Rb8 {[%clk 0:03:02]} 7. a4
{[%clk 0:02:51]} a6 {[%clk 0:03:03]} 8. Qc2 {[%clk 0:02:28]} b5 {[%clk 0:03:03]}
9. b3 {[%clk 0:02:28]} Nb4 {[%clk 0:03:00]} 10. Qd2 {[%clk 0:02:18]} cxb3
{[%clk 0:02:53]} 11. Ne5 {[%clk 0:02:04]} Nd7 {[%clk 0:02:16]} 12. Nc6
{[%clk 0:01:54]} Nxc6 {[%clk 0:02:14]} 13. Bxc6 {[%clk 0:01:54]} Bd6
{[%clk 0:01:47]} 14. axb5 {[%clk 0:01:52]} axb5 {[%clk 0:01:48]} 15. Nc3
{[%clk 0:01:53]} Bb7 {[%clk 0:01:35]} 16. Bxb5 {[%clk 0:01:45]} O-O
{[%clk 0:01:35]} 17. Ba3 {[%clk 0:01:42]} Nf6 {[%clk 0:01:30]} 18. Bd3
{[%clk 0:01:18]} g6 {[%clk 0:01:14]} 19. Nb5 {[%clk 0:01:17]} Bxa3
{[%clk 0:01:11]} 20. Rxa3 {[%clk 0:01:18]} c6 {[%clk 0:01:11]} 21. Nc3
{[%clk 0:01:08]} Qxd4 {[%clk 0:01:10]} 22. Rxb3 {[%clk 0:01:04]} Ba6
{[%clk 0:00:57]} 23. Rxb8 {[%clk 0:00:57]} Rxb8 {[%clk 0:00:58]} 24. Qc2
{[%clk 0:00:52]} Bxd3 {[%clk 0:00:56]} 25. exd3 {[%clk 0:00:52]} Nd5
{[%clk 0:00:40]} 26. Ne2 {[%clk 0:00:39]} Qb2 {[%clk 0:00:33]} 27. Rc1
{[%clk 0:00:38]} Qxc2 {[%clk 0:00:32]} 28. Rxc2 {[%clk 0:00:38]} Nb4
{[%clk 0:00:33]} 29. Rc3 {[%clk 0:00:39]} Rd8 {[%clk 0:00:34]} 30. d4
{[%clk 0:00:38]} Rc8 {[%clk 0:00:31]} 31. Kg2 {[%clk 0:00:38]} Nd5
{[%clk 0:00:32]} 32. Rc5 {[%clk 0:00:37]} Kf8 {[%clk 0:00:33]} 33. Kf3 Ke7 34.
Nf4 {[%clk 0:00:38]} Kd6 {[%clk 0:00:34]} 35. Nd3 {[%clk 0:00:38]} f6
{[%clk 0:00:33]} 36. h4 {[%clk 0:00:39]} Ra8 {[%clk 0:00:33]} 37. h5
{[%clk 0:00:32]} gxh5 {[%clk 0:00:30]} 38. Kg2 {[%clk 0:00:32]} Ra3
{[%clk 0:00:30]} 39. Ne1 {[%clk 0:00:29]} Ra2 {[%clk 0:00:24]} 40. Nf3
{[%clk 0:00:26]} Rb2 {[%clk 0:00:22]} 41. Rc1 {[%clk 0:00:26]} Ne3+
{[%clk 0:00:18]} 42. Kg1 {[%clk 0:00:27]} Ng4 {[%clk 0:00:19]} 43. Rf1
{[%clk 0:00:22]} Kd5 {[%clk 0:00:19]} 44. Re1 {[%clk 0:00:05]} Rxf2
{[%clk 0:00:14]} 45. Nh4 {[%clk 0:00:05]} Rb2 {[%clk 0:00:13]} 46. Ng2
{[%clk 0:00:05]} e5 {[%clk 0:00:11]} 47. dxe5 fxe5 {[%clk 0:00:12]} 48. Ne3+
{[%clk 0:00:06]} Nxe3 {[%clk 0:00:13]} 49. Rxe3 {[%clk 0:00:07]} e4
{[%clk 0:00:14]} 50. Ra3 {[%clk 0:00:07]} c5 {[%clk 0:00:14]} 51. Ra8
{[%clk 0:00:08]} e3 {[%clk 0:00:14]} 52. Re8 {[%clk 0:00:07]} Kd4
{[%clk 0:00:15]} 53. Rd8+ {[%clk 0:00:07]} Ke4 {[%clk 0:00:17]} 0-1